Digital communications (Record no. 956)

000 -LEADER
fixed length control field 00508nam a2200205 a 4500
001 - CONTROL NUMBER
control field 956
003 - CONTROL NUMBER IDENTIFIER
control field BD-DhUET
008 - FIXED-LENGTH DATA ELEMENTS--GENERAL INFORMATION
fixed length control field 860516s1986 inua b 001 0 eng
020 ## - INTERNATIONAL STANDARD BOOK NUMBER
International Standard Book Number 0071181830
040 ## - CATALOGING SOURCE
Original cataloging agency DLC
Transcribing agency DLC
Modifying agency BD-DhUET
082 00 - DEWEY DECIMAL CLASSIFICATION NUMBER
Classification number 623.8
Item number PRO/2001
100 ## - MAIN ENTRY--PERSONAL NAME
Personal name Proakis, John G.
245 00 - TITLE STATEMENT
Title Digital communications
250 ## - EDITION STATEMENT
Edition statement 4th ed.
260 ## - PUBLICATION, DISTRIBUTION, ETC. (IMPRINT)
Place of publication, distribution, etc. Boston
Name of publisher, distributor, etc. McGraw-Hill
Date of publication, distribution, etc. 2001
300 ## - PHYSICAL DESCRIPTION
Extent xxi,1002p..
504 ## - BIBLIOGRAPHY, ETC. NOTE
Bibliography, etc Includes bibliographies

650 #0 - SUBJECT ADDED ENTRY--TOPICAL TERM
Topical term or geographic name as entry element Digital communications.
942 ## - ADDED ENTRY ELEMENTS (KOHA)
Koha item type General Book
Holdings
Koha date last seen Shelving location Source of classification or shelving scheme Withdrawn status Copy number Date acquired Damaged status Not for loan Piece designation (barcode) Location (home branch) Koha issues (times borrowed) Koha normalized classification for sorting Price effective from Lost status Koha date last borrowed Sublocation or collection (holding branch) Koha item type Koha full call number
2014-08-26Circulation section  12014-08-26  103342Central Library, BUET 623_000000000000000_8PRO20012014-08-26  Central Library, BUETGeneral Book623.8/PRO/2001
2017-07-30Circulation section  22014-08-26  103344Central Library, BUET 623_000000000000000_8PRO20012014-08-26  Central Library, BUETGeneral Book623.8/PRO/2001
2015-06-08Circulation section  32014-08-26  103345Central Library, BUET 623_000000000000000_8PRO20012014-08-26  Central Library, BUETGeneral Book623.8/PRO/2001
2015-08-18Circulation section  42014-08-26  103346Central Library, BUET1623_000000000000000_8PRO20012014-08-26 2015-05-20Central Library, BUETGeneral Book623.8/PRO/2001
2014-08-26Circulation section  52014-08-26  103347Central Library, BUET 623_000000000000000_8PRO20012014-08-26  Central Library, BUETGeneral Book623.8/PRO/2001
2018-08-29Circulation section  62014-08-26  103348Central Library, BUET2623_000000000000000_8PRO20012014-08-26 2018-08-06Central Library, BUETGeneral Book623.8/PRO/2001
2018-09-11Circulation section  72014-08-26  103349Central Library, BUET1623_000000000000000_8PRO20012014-08-26 2018-08-29Central Library, BUETGeneral Book623.8/PRO/2001
2015-08-16Circulation section  82014-08-26  103350Central Library, BUET 623_000000000000000_8PRO20012014-08-26  Central Library, BUETGeneral Book623.8/PRO/2001
2015-03-01Circulation section  92014-08-26  107674Central Library, BUET 623_000000000000000_8PRO20012014-08-26  Central Library, BUETGeneral Book623.8/PRO/2001
2018-09-09Circulation section  102007-05-07  103343Central Library, BUET1623_800000000000000_PRO_20012017-05-16 2018-08-28Central Library, BUETGeneral Book623.8/PRO/2001